000 00581cam a22002053a 4500
001 36017
003 PGUSA
005 20140828083756.0
008 110502s2011||||xxu|||||s|||||000 | eng d
040 _aPGUSA
_beng
042 _adc
100 1 _aRansome, Arthur,
_d1884-1967
245 1 0 _aOscar Wilde, a Critical Study
_h[electronic resource] /
_cArthur Ransome
260 _bProject Gutenberg,
_c2011
506 _aPublic domain in the USA.
516 _aElectronic text
830 0 _aProject Gutenberg
_v36017
856 4 0 _uhttp://www.gutenberg.org/ebooks/36017
942 _cEB
999 _c265272
_d265272